Library Banner

Sarmaya tarikh/ (Record no. 102773)

MARC details
000 -LEADER
fixed length control field 00388nam a22001457a 4500
005 - DATE AND TIME OF LATEST TRANSACTION
control field 20180207132834.0
008 - FIXED-LENGTH DATA ELEMENTS--GENERAL INFORMATION
fixed length control field 180207b xxu||||| |||| 00| 0 eng d
040 ## - CATALOGING SOURCE
Transcribing agency PK-LaUMT
082 ## - DEWEY DECIMAL CLASSIFICATION NUMBER
Classification number PKAC 297.09092
Item number SAE-S
100 ## - MAIN ENTRY--PERSONAL NAME
Personal name Saeed Akhter
245 ## - TITLE STATEMENT
Title Sarmaya tarikh/
Statement of responsibility, etc Saeed Akhter
260 ## - PUBLICATION, DISTRIBUTION, ETC. (IMPRINT)
Place of publication, distribution, etc لاہور:
Name of publisher, distributor, etc ادارہ معارف اسلامی،
Date of publication, distribution, etc 1986
300 ## - PHYSICAL DESCRIPTION
Extent 158
942 ## - ADDED ENTRY ELEMENTS (KOHA)
Koha item type Books
Holdings
Withdrawn status Lost status Damaged status Home library Current library Date acquired Full call number Barcode Date last seen Price effective from Koha item type
      UMT Main Campus UMT Main Campus 2018-02-07 PKAC 297.09092 SAE-S 118877 2018-02-07 2018-02-07 Books